Dopytová a ponuková strana ekonomiky SR v kontexte globálnej hospodárskej krízy

Rozbor dopytovej a ponukovej strany ekonomiky SR v kontexte globálnej hospodárskej krízy. Krízy spôsobujú okrem poklesu reálneho produktu, aj pokles potenciálneho produktu. Ekonomika nesie bremeno permanentnej straty produktu a veľkého nárastu nezamestnanosti, ktorý môže pokračovať aj potom, ako sa...

Descripción completa

Guardado en:
Detalles Bibliográficos
Autor principal: Slušná, Ľubica
Formato: Capítulo de libro
Lenguaje:eslovaco
Materias:
Etiquetas: Agregar Etiqueta
Sin Etiquetas, Sea el primero en etiquetar este registro!

MARC

LEADER 00000nla a2200000 4500
001 0179607
005 20240502073043.3
041 0 |a slo 
044 |a SK 
245 1 0 |a Dopytová a ponuková strana ekonomiky SR v kontexte globálnej hospodárskej krízy  |c Ľubica Slušná 
520 |a Rozbor dopytovej a ponukovej strany ekonomiky SR v kontexte globálnej hospodárskej krízy. Krízy spôsobujú okrem poklesu reálneho produktu, aj pokles potenciálneho produktu. Ekonomika nesie bremeno permanentnej straty produktu a veľkého nárastu nezamestnanosti, ktorý môže pokračovať aj potom, ako sa ekonomika dostane na úroveň trendového rastu. 
610 2 0 |a dopyt agregátny 
610 2 0 |a ponuka agregátna 
610 2 0 |a kríza hospodárska 
610 2 0 |a produkt domáci hrubý 
610 2 0 |a nezamestnanosť 
610 2 0 |a produktivita práce 
100 1 |a Slušná, Ľubica